header

Structural loads analysis for commercial transport aircraft (Record no. 121186)

MARC details
000 -LEADER
fixed length control field 01428nam a2200361 a 4500
082 04 - DEWEY DECIMAL CLASSIFICATION NUMBER
Classification number 629.134/31
100 1# - MAIN ENTRY--AUTHOR NAME
Personal name Lomax, Ted L.
245 10 - TITLE STATEMENT
Title Structural loads analysis for commercial transport aircraft
260 ## - PUBLICATION, DISTRIBUTION, ETC. (IMPRINT)
Place of publication Reston, Va. :
Name of publisher American Institute of Aeronautics and Astronautics,
Year of publication c1996.
300 ## - PHYSICAL DESCRIPTION
Number of Pages xvi, 280 p. :
Other physical details ill.
490 1# - SERIES STATEMENT
Series statement AIAA education series
650 #0 - SUBJECT ADDED ENTRY--TOPICAL TERM
Topical Term Airframes
Topical Term Structural dynamics.
Topical Term Transport planes
856 40 - ELECTRONIC LOCATION AND ACCESS
Uniform Resource Identifier http://site.ebrary.com/lib/rucke/Doc?id=10516653

No items available.

© 2026 Rongo University
Contact us: librarian | system librarian | Rongo university